ბათუმის შოთა რუსთაველის სახელმწიფო უნივერსიტეტის ბიბლიოთეკა

Sir Francis Drake (ბიბ.ჩანაწერი № 46688)

000 -LEADER
fixed length control field 00426nam a2200193Ia 4500
001 - CONTROL NUMBER
control field 13529
003 - CONTROL NUMBER IDENTIFIER
control field GE_BSU
008 - FIXED-LENGTH DATA ELEMENTS--GENERAL INFORMATION
fixed length control field 181216s||||||||xx |||||||||||||| ||und||
040 ## - CATALOGING SOURCE
Transcribing agency GE_BSU
080 ## - UNIVERSAL DECIMAL CLASSIFICATION NUMBER
Universal Decimal Classification number 94(410)
100 ## - MAIN ENTRY--PERSONAL NAME
Personal name Thomson,George Malcolm
245 ## - TITLE STATEMENT
Title Sir Francis Drake
260 ## - PUBLICATION, DISTRIBUTION, ETC.
Place of publication, distribution, etc. London
260 ## - PUBLICATION, DISTRIBUTION, ETC.
Name of publisher, distributor, etc. Book club Associates
260 ## - PUBLICATION, DISTRIBUTION, ETC.
Date of publication, distribution, etc. 1972
300 ## - PHYSICAL DESCRIPTION
Extent 357p.24cm.
653 ## - INDEX TERM--UNCONTROLLED
Uncontrolled term Sir Francis Drake
942 ## - ADDED ENTRY ELEMENTS (KOHA)
Koha item type წიგნი
ეგზემპლარები
Withdrawn status Lost status Damaged status Not for loan Date acquired Barcode Date last seen Price effective from Koha item type
        2018-12-17 36993 2018-12-17 2018-12-17 წიგნი